000
00242nam a2200109Ia 4500
100
_a
Bhide S.D./ Tokekar
942
_c
BK
654
_a
linear
245
_a
Linear Circuits Analysis
260
_b
Technical Pub
_a
Pune
_c
1993
546
_a
ENGLISH
999
_c
33493
_d
33493